000 00781nam a2200277Ia 4500
001 11920
005 20240113235334.0
007 ta
008 051001s1947 g b000 u eng u
040 _aCotton College,Assam
041 _aeng
082 _a370.15
_bPa 141 Ab
100 _aPage, James D..
245 0 _aAbnormal Psychology: A Clinical Approach to Psychological Deviants /
_cJames D.Page.
_hTextual Documents
250 _a1st ed. /
260 _aNew Delhi :
_bTata Mcgraw-Hill Publishing Company Ltd ,
_cc1947.
300 _a441p. ;
_c22cm.
504 _aIndex
653 _aEducation
653 _aAbnormal Psychology
653 _aPsychology-Abnormal
653 _aG-Education
942 _2ddc
_cBK
999 _c11907
_d11907